Siblings. Crescere fratelli e sorelle di bambini con disabilità (Record n. 357917)

Dettagli MARC
000 -LEADER
campo di controllo lung. fissa 01618nam a22002057a 4500
003 - Identificatore del numero di controllo
campo di controllo IT-MiCISF
005 - Data e orario dell'ultima transazione
campo di controllo 20181112110724.0
008 - Elementi di lunghezza fissa--Informazione generale
campo di controllo lung. fissa 180703b ||||| |||| 00| 0 eng d
040 ## - Fonte della catalogazione
Agenzia che fa la trascrizione IT-MiCISF
041 ## - Codice di lingua
Codice di lingua del testo/traccia sonora o titolo separato it
100 ## - Accesso principale -- nome di persona
Nome di persona Dondi Andrea
9 (RLIN) 57274
245 ## - Formulazione del titolo
Titolo Siblings. Crescere fratelli e sorelle di bambini con disabilità
260 ## - Pubblicazione, distribuzione, ecc. (stampa)
Luogo di pubblicazione, distribuzione, ecc. Cinisello B. (MI)
Nome dell'editore, distributore, ecc. San Paolo
Data di pubblicazione, distribuzione, ecc. 2018
300 ## - Descrizione fisica
Estensione pp. 207
500 ## - Nota generale
Nota generale handicap, famiglia, rapporti-fratelli
520 ## - Riassunto, ecc.
Nota di riassunto, ecc. Un libro che esplora, per la prima volta in Italia, la questione educativa che si pone ai genitori quando in famiglia ci sono figli sani e figli disabili. Il libro parla alle mamme e ai papà, perché mettano particolare attenzione ai siblings termine che si utilizza per definire i fratelli e le sorelle delle persone con disabilità. Bambini sani che, nell’emergenza familiare che si crea intorno al fratellino portatore di handicap, finiscono per sentirsi “fratelli di figli unici”, fin da piccoli chiamati a essere bravi, responsabili, a non dare preoccupazioni. In prospettiva, lo stress e le responsabilità che vengono caricate sui fratelli “sani” si ripercuotono sulla loro crescita: la responsabilità di essere il caregiver del fratello disabile comporta scelte molto precise sugli studi, sulla professione, sulle relazioni affettive, sulla pianificazione del proprio futuro. Perché tutto questo rappresenti una ricchezza e una risorsa è necessario che la famiglia imposti la relazione educativa con una particolare attenzione anche al figlio sano.
650 ## - Accesso aggiunto di soggetto--termine topico
Termine topico o nome geografico come accesso handicap
9 (RLIN) 56194
654 ## - Accesso aggiunto di soggetto--termini topici faccettati
Termine principale saggio
942 ## - Dati aggiuntivi (Koha)
Fonte della classificazione o dello schema di collocazione (segnatura) Dewey Decimal Classification
Tipo copia default (Koha) LIBRO
Dati di copia
Ritirato (status) Perso (status) Fonte della classificazione o dello schema di collocazione (segnatura) Danneggiato (status) Non per il presito Biblioteca proprietaria Biblioteca in cui si trova Data d'acquisizione Totale prestiti Collocazione Codice a barre Data ultima operazione Prezzo in vigore dal Tipo copia default (Koha)
    Dewey Decimal Classification Buone Condizioni Not For Loan CISF - Milano CISF - Milano 03/07/2018   a2265 9788892214491 03/07/2018 03/07/2018 LIBRO
CREDITS: SOCIETA' SAN PAOLO Via A.Severo, 58 - ROMA (RM) & PERIODICI SAN PAOLO SRL Via Giotto, 36 MILANO & CISF Via Giotto, 36 MILANO & EDIZIONI SAN PAOLO SRL,  Piazza Soncino, 5 CINISELLO BALSAMO (MI) -- ITALY